[Event "Titled Tuesday intern op 23rd Jul Early"]
[Site "Chess.com INT"]
[Date "2024.07.23"]
[Round "2"]
[White "Creanga, Robert Ionut"]
[Black "Khoder, Akram"]
[Result "0-1"]
[WhiteElo "2268"]
[BlackElo "2212"]
[PlyCount "112"]
[EventDate "2024.07.23"]
[EventType "swiss (blitz)"]
[EventRounds "11"]
[EventCountry "USA"]
[SourceTitle "EXT 2025"]
[Source "ChessBase"]
[SourceDate "2024.10.14"]
[SourceVersion "1"]
[SourceVersionDate "2024.10.14"]
[SourceQuality "1"]

1. d4 d5 2. c4 c6 3. Nc3 Nf6 4. e3 Bf5 5. cxd5 cxd5 6. Qb3 Nc6 7. Qxb7 Bd7 8. Qb3 Rb8 9. Qd1 e5 10. dxe5 Nxe5 11. Be2 Bd6 12. Nf3 Qc7 13. Nd4 Nc4 14. Qc2 0-0 15. h3 Rfc8 16. 0-0 Bb4 17. Bxc4 Qxc4 18. Bd2 Ne4 19. Rfc1 Nxd2 20. Qxd2 h6 21. a3 Bxc3 22. Rxc3 Rxb2 23. Rxc4 Rxd2 24. Rxc8+ Bxc8 25. Rc1 Ba6 26. Rc5 Bc4 27. Ra5 a6 28. Nc6 h5 29. h4 f6 30. Nb4 d4 31. exd4 Rxd4 32. Rxh5 Bb5 33. g3 Rd1+ 34. Kh2 Ra1 35. Nc2 Ra2 36. Rc5 Ba4 37. Nd4 Rxf2+ 38. Kg1 Ra2 39. Rc3 Bd7 40. h5 Bh3 41. Nc6 Rg2+ 42. Kh1 Rb2 43. Nb4 a5 44. Nc6 Bg2+ 45. Kg1 Bxc6 46. Rxc6 Rb3 47. Kg2 Rxa3 48. Kh3 Kh7 49. Kh4 Kh6 50. g4 Kh7 51. Ra6 Ra1 52. Ra7 Ra4 53. Ra6 Ra1 54. Kg3 a4 55. Kf4 a3 56. Kf5 a2 0-1

[Event "Titled Tuesday intern op 16th Jul Early"]
[Site "Chess.com INT"]
[Date "2024.07.16"]
[Round "4"]
[White "Creanga, Robert Ionut"]
[Black "Rogov, Matfey"]
[Result "0-1"]
[WhiteElo "2268"]
[BlackElo "2188"]
[PlyCount "90"]
[EventDate "2024.07.16"]
[EventType "swiss (blitz)"]
[EventRounds "11"]
[EventCountry "USA"]
[SourceTitle "EXT 2025"]
[Source "ChessBase"]
[SourceDate "2024.10.14"]
[SourceVersion "1"]
[SourceVersionDate "2024.10.14"]
[SourceQuality "1"]

1. d4 d5 2. c4 Nc6 3. Nc3 dxc4 4. d5 Na5 5. e4 c6 6. dxc6 Qxd1+ 7. Nxd1 Nxc6 8. Bxc4 Nf6 9. f3 e5 10. Be3 Bb4+ 11. Kf2 0-0 12. a3 Ba5 13. Ne2 Be6 14. Rc1 Rac8 15. b4 Bd8 16. Bc5 Re8 17. Bxe6 fxe6 18. Ne3 a6 19. Nc4 Be7 20. Nd6 Bxd6 21. Bxd6 Red8 22. Rhd1 b6 23. a4 Ne8 24. b5 axb5 25. axb5 Rxd6 26. Rxd6 Nxd6 27. bxc6 Kf8 28. Ke3 b5 29. Rc5 Ke7 30. Nc1 Nc4+ 31. Ke2 Kd6 32. Rxb5 Rxc6 33. Nd3 Ra6 34. Rb4 Ra2+ 35. Ke1 Ne3 36. Rb6+ Ke7 37. Nxe5 Nxg2+ 38. Kd1 Ne3+ 39. Kc1 Rxh2 40. Rb7+ Kd6 41. f4 Rg2 42. Rd7+ Kc5 43. Re7 g5 44. fxg5 Kd6 45. Rxh7 Kxe5 0-1

[Event "Titled Tuesday intern op 16th Jul Early"]
[Site "Chess.com INT"]
[Date "2024.07.16"]
[Round "6"]
[White "Hamblok, Roel"]
[Black "Creanga, Robert Ionut"]
[Result "1-0"]
[WhiteElo "2235"]
[BlackElo "2268"]
[PlyCount "99"]
[EventDate "2024.07.16"]
[EventType "swiss (blitz)"]
[EventRounds "11"]
[EventCountry "USA"]
[SourceTitle "EXT 2025"]
[Source "ChessBase"]
[SourceDate "2024.10.14"]
[SourceVersion "1"]
[SourceVersionDate "2024.10.14"]
[SourceQuality "1"]

1. e4 c6 2. Nc3 d5 3. Nf3 Bg4 4. h3 Bxf3 5. Qxf3 e6 6. Be2 Bc5 7. 0-0 Nd7 8. Rd1 d4 9. Nb1 Ne5 10. Qg3 d3 11. cxd3 Bd4 12. Na3 h5 13. Nc2 h4 14. Qh2 g5 15. Rb1 Qb6 16. Nxd4 Qxd4 17. b4 Nxd3 18. Bxd3 Qxd3 19. Qe5 Qxb1 20. Qxh8 0-0-0 21. Qg7 f6 22. e5 Qf5 23. Bb2 fxe5 24. Bxe5 Ne7 25. Bf6 Qc2 26. Rf1 Nf5 27. Qxg5 Rxd2 28. Qg8+ Kc7 29. Qxe6 Ng3 30. Be5+ Kb6 31. Bxg3 hxg3 32. Qe3+ Ka6 33. Qxg3 Qxa2 34. h4 Rb2 35. Qc3 Rc2 36. Qd4 Rc4 37. Ra1 Rxd4 38. Rxa2+ Kb6 39. g3 Rxb4 40. h5 a5 41. h6 Rd4 42. Rb2+ Ka6 43. f4 Rd6 44. Rh2 Rd8 45. h7 Rh8 46. g4 a4 47. g5 a3 48. g6 Ka7 49. g7 Rxh7 50. g8Q 1-0

[Event "Titled Tuesday intern op 16th Jul Early"]
[Site "Chess.com INT"]
[Date "2024.07.16"]
[Round "3"]
[White "Sek, Konstantin"]
[Black "Creanga, Robert Ionut"]
[Result "1/2-1/2"]
[WhiteElo "2385"]
[BlackElo "2268"]
[PlyCount "78"]
[EventDate "2024.07.16"]
[EventType "swiss (blitz)"]
[EventRounds "11"]
[EventCountry "USA"]
[SourceTitle "EXT 2025"]
[Source "ChessBase"]
[SourceDate "2024.10.14"]
[SourceVersion "1"]
[SourceVersionDate "2024.10.14"]
[SourceQuality "1"]

1. e4 c6 2. c4 d5 3. exd5 cxd5 4. cxd5 Nf6 5. Nc3 Nxd5 6. Nf3 Nc6 7. Bb5 g6 8. Qa4 Qd6 9. Ne4 Qe6 10. Nfg5 Qd7 11. 0-0 Bg7 12. Nc5 Qd6 13. Nce4 Qd7 14. d4 0-0 15. h3 Nb6 16. Bxc6 bxc6 17. Qc2 Qxd4 18. Qxc6 Qd5 19. Qc7 Bf5 20. Nc3 Qd8 21. Qg3 h6 22. Nf3 Rc8 23. Bf4 Nc4 24. Rad1 Qb6 25. Nd5 Qb7 26. Rfe1 e6 27. Ne3 Nxe3 28. Bxe3 Qxb2 29. Rd2 Qb7 30. Red1 Be4 31. Ne5 Bd5 32. Ng4 h5 33. Ne5 Qc7 34. Bf4 Qc3 35. Rd3 Qc2 36. R1d2 Qb1+ 37. Rd1 Qc2 38. R1d2 Qb1+ 39. Rd1 Qc2 1/2-1/2

[Event "Titled Tuesday intern op 16th Jul Early"]
[Site "Chess.com INT"]
[Date "2024.07.16"]
[Round "5"]
[White "Thing, Bibek"]
[Black "Creanga, Robert Ionut"]
[Result "0-1"]
[WhiteElo "2282"]
[BlackElo "2268"]
[PlyCount "90"]
[EventDate "2024.07.16"]
[EventType "swiss (blitz)"]
[EventRounds "11"]
[EventCountry "USA"]
[SourceTitle "EXT 2025"]
[Source "ChessBase"]
[SourceDate "2024.10.14"]
[SourceVersion "1"]
[SourceVersionDate "2024.10.14"]
[SourceQuality "1"]

1. e4 c6 2. d4 d5 3. e5 Bf5 4. h4 h5 5. Bd3 Bxd3 6. Qxd3 Qa5+ 7. Nc3 e6 8. Bg5 Nh6 9. Nge2 Nf5 10. 0-0 Nd7 11. a4 a6 12. Ng3 g6 13. Nxf5 gxf5 14. Ne2 c5 15. c4 cxd4 16. Nxd4 Nxe5 17. Qe2 Bg7 18. cxd5 Qxd5 19. Rfd1 Qe4 20. Qxe4 fxe4 21. Re1 0-0 22. Rxe4 Rac8 23. Ne2 Nd3 24. Ng3 Bxb2 25. Rd1 Nc5 26. Rb4 Bc3 27. Rc4 Be5 28. Nxh5 f6 29. Bh6 Rfd8 30. Rdc1 b5 31. axb5 axb5 32. Rg4+ Kh7 33. Be3 Nd3 34. Rxc8 Rxc8 35. Rg7+ Kh8 36. g3 b4 37. Rb7 Rb8 38. Rxb8+ Bxb8 39. Nxf6 b3 40. Nd7 e5 41. Nxb8 b2 42. Nd7 b1Q+ 43. Kh2 Qf1 44. Nf8 Nxf2 45. Ng6+ Kg7 0-1

[Event "Sebes GP op"]
[Site "Sebes"]
[Date "2023.11.05"]
[Round "6"]
[White "Creanga, Robert Ionut"]
[Black "Costin, Alexandru"]
[Result "1/2-1/2"]
[WhiteElo "2273"]
[BlackElo "2088"]
[PlyCount "135"]
[EventDate "2023.11.04"]
[EventType "swiss"]
[EventRounds "10"]
[EventCountry "ROU"]
[SourceTitle "CBM 217 Extra"]
[Source "ChessBase"]
[SourceDate "2024.01.31"]
[SourceVersion "1"]
[SourceVersionDate "2024.01.31"]
[SourceQuality "1"]

1. e4 c6 2. Nf3 d5 3. Nc3 Bg4 4. h3 Bxf3 5. Qxf3 dxe4 6. Nxe4 Nd7 7. Be2 Ngf6 8. 0-0 e6 9. d4 Nxe4 10. Qxe4 Nf6 11. Qd3 Be7 12. Rd1 0-0 13. Bf4 Nd5 14. Bd2 Bg5 15. Qb3 Bxd2 16. Rxd2 Qg5 17. Rad1 Nf4 18. Bf1 b6 19. Qf3 Rad8 20. g3 Nd5 21. h4 Qf6 22. Qe4 Ne7 23. c3 Qg6 24. Qf4 Nd5 25. Qf3 Qf6 26. Qe4 Rfe8 27. Bd3 g6 28. Re2 Ne7 29. Rde1 Rd6 30. Re3 Nf5 31. Rf3 Qg7 32. Qf4 Red8 33. Bxf5 gxf5 34. Re5 Kh8 35. Kh2 R6d7 36. Rfe3 Rg8 37. Re1 Qf6 38. f3 Rdd8 39. Kh3 Rg6 40. h5 Rg5 41. g4 fxg4+ 42. Kg3 Qxf4+ 43. Kxf4 Rxe5 44. Kxe5 gxf3 45. Kf6 f2 46. Rf1 Rd5 47. Kxf7 Rxh5 48. Kxe6 Rh2 49. c4 Kg7 50. d5 cxd5 51. cxd5 Kf8 52. Kd7 Rg2 53. d6 h5 54. Kc8 Rg8 55. d7 Ke7+ 56. Kc7 Rd8 57. Rxf2 Rxd7+ 58. Kc6 Rd6+ 59. Kb7 Rd7+ 60. Kc6 h4 61. Rh2 Rd4 62. Kb7 Kf6 63. Kxa7 Ra4+ 64. Kxb6 Rxa2 65. Rxh4 Rxb2+ 66. Kc5 Kg5 67. Rb4 Rxb4 68. Kxb4 1/2-1/2

[Event "Sebes GP op"]
[Site "Sebes"]
[Date "2023.11.05"]
[Round "8"]
[White "Creanga, Robert Ionut"]
[Black "David, Alexandru Vasile"]
[Result "0-1"]
[WhiteElo "2273"]
[BlackElo "2372"]
[PlyCount "172"]
[EventDate "2023.11.04"]
[EventType "swiss"]
[EventRounds "10"]
[EventCountry "ROU"]
[SourceTitle "CBM 217 Extra"]
[Source "ChessBase"]
[SourceDate "2024.01.31"]
[SourceVersion "1"]
[SourceVersionDate "2024.01.31"]
[SourceQuality "1"]

1. d4 d5 2. c4 e6 3. Nc3 Nf6 4. cxd5 exd5 5. Bg5 c6 6. e3 Bd6 7. Bd3 0-0 8. Nge2 Re8 9. Bh4 a5 10. Qc2 h6 11. Bg3 Na6 12. a3 Nc7 13. 0-0 Bf8 14. h3 Ne6 15. Be5 b5 16. e4 Nxe4 17. Nxe4 dxe4 18. Bxe4 Bb7 19. Bxc6 Rc8 20. d5 Bxc6 21. dxc6 Qd5 22. Bg3 Rxc6 23. Nc3 Qc4 24. Qe4 Qxe4 25. Nxe4 Nd4 26. Nc3 b4 27. axb4 axb4 28. Nd5 Rc2 29. Rab1 Nb3 30. Ne3 Re2 31. Rfe1 Rxe1+ 32. Rxe1 Bc5 33. Kf1 Bd4 34. Ke2 Bxe3 35. fxe3 Na5 36. Kd3 Rd8+ 37. Kc2 Rc8+ 38. Kd3 f6 39. Re2 b3 40. Be1 Nc4 41. Kc3 Nxe3+ 42. Kxb3 Rb8+ 43. Ka4 Ra8+ 44. Ba5 Nd5 45. Rc2 Kf7 46. b4 Ke6 47. Rc6+ Kd7 48. b5 Ne7 49. Rc1 Kd6 50. Kb4 Nd5+ 51. Ka4 f5 52. Rc6+ Kd7 53. Rg6 Rg8 54. Bb4 Nf4 55. Rd6+ Kc7 56. Rd2 Re8 57. Ba5+ Kc8 58. b6 Re5 59. Bc3 Rd5 60. Rc2 Kb7 61. Bxg7 Kxb6 62. Bxh6 Nd3 63. Be3+ Kb7 64. Kb3 f4 65. Bf2 Rd7 66. Kc4 Ne5+ 67. Kb5 Rd5+ 68. Bc5 Kc7 69. h4 Kd7 70. Kb6 Ke6 71. Bf2 Ng4 72. Rc6+ Kf5 73. Bc5 Rd2 74. h5 Rxg2 75. h6 Rh2 76. Kb5 Nxh6 77. Kc4 Ng4 78. Bd4 Rh3 79. Rc8 Ke4 80. Re8+ Kf3 81. Kd3 Rh2 82. Re1 Rg2 83. Rf1+ Kg3 84. Ke4 Re2+ 85. Kf5 f3 86. Bb6 Re5+ 0-1

[Event "EU-ch U18 31st"]
[Site "Mamaia"]
[Date "2023.09.09"]
[Round "5"]
[White "Creanga, Robert Ionut"]
[Black "Czernek, Tymon"]
[Result "0-1"]
[WhiteElo "2233"]
[BlackElo "2332"]
[PlyCount "66"]
[EventDate "2023.09.05"]
[EventType "swiss"]
[EventRounds "9"]
[EventCountry "ROU"]
[SourceTitle "CBM 216 Extra"]
[Source "ChessBase"]
[SourceDate "2023.11.30"]
[SourceVersion "1"]
[SourceVersionDate "2023.11.30"]
[SourceQuality "1"]

1. d4 d5 2. c4 c6 3. Nc3 Nf6 4. e3 e6 5. Nf3 Nbd7 6. Be2 Bd6 7. 0-0 0-0 8. b3 b6 9. Bb2 Bb7 10. Bd3 Re8 11. Rc1 Rc8 12. Re1 e5 13. dxe5 Nxe5 14. Bf5 Rc7 15. cxd5 cxd5 16. Nd4 a6 17. Re2 g6 18. Bh3 Ne4 19. f4 Nxc3 20. Rxc3 Nd7 21. Nc2 Nc5 22. Nb4 Be7 23. Rc1 Bf6 24. Bxf6 Qxf6 25. Nd3 Qd6 26. Re1 Rce7 27. Qd2 Nxd3 28. Qxd3 d4 29. Rcd1 Re4 30. Rf1 b5 31. exd4 Re3 32. Qc2 Rxh3 33. gxh3 Qd5 0-1

[Event "EU-ch U18 31st"]
[Site "Mamaia"]
[Date "2023.09.08"]
[Round "4"]
[White "Yaniv, Yuval"]
[Black "Creanga, Robert Ionut"]
[Result "0-1"]
[WhiteElo "2391"]
[BlackElo "2233"]
[PlyCount "112"]
[EventDate "2023.09.05"]
[EventType "swiss"]
[EventRounds "9"]
[EventCountry "ROU"]
[SourceTitle "CBM 216 Extra"]
[Source "ChessBase"]
[SourceDate "2023.11.30"]
[SourceVersion "1"]
[SourceVersionDate "2023.11.30"]
[SourceQuality "1"]

1. e4 c6 2. d4 d5 3. e5 Bf5 4. h4 h5 5. c4 e6 6. Nc3 dxc4 7. Bxc4 Nd7 8. Bb3 Ne7 9. Nge2 Ng6 10. Ng3 Nxh4 11. Nxf5 Nxf5 12. g4 Ne7 13. Bg5 Qb6 14. Ne4 Nd5 15. Rc1 f6 16. exf6 gxf6 17. Bxd5 Qa5+ 18. Nc3 exd5 19. Bf4 0-0-0 20. Rxh5 Bb4 21. Kf1 Bxc3 22. Rxc3 Qxa2 23. Qc2 Qa6+ 24. Kg2 Qb5 25. Bg3 Rhe8 26. Qf5 Re1 27. Kh2 Qf1 28. Qf3 Qg1+ 29. Kh3 Qh1+ 30. Qxh1 Rxh1+ 31. Bh2 Rd1 32. Rxd5 Rd2 33. Bg3 Rxb2 34. f4 Nb6 35. Rxd8+ Kxd8 36. g5 Nd5 37. Ra3 a6 38. Kg4 fxg5 39. fxg5 Ke7 40. Kf5 Re2 41. Ra1 Re6 42. Be5 Kf7 43. Rh1 Ne7+ 44. Kg4 c5 45. Rh7+ Ke8 46. Kh5 c4 47. Rh8+ Kd7 48. Rf8 c3 49. Rf1 c2 50. Bf6 Rc6 51. Bxe7 Kxe7 52. Rc1 b5 53. d5 Rc8 54. d6+ Kxd6 55. g6 b4 56. g7 b3 0-1

[Event "EU-ch U18 31st"]
[Site "Mamaia"]
[Date "2023.09.07"]
[Round "3"]
[White "Creanga, Robert Ionut"]
[Black "Razafindratsima, Timothe"]
[Result "0-1"]
[WhiteElo "2233"]
[BlackElo "2450"]
[PlyCount "74"]
[EventDate "2023.09.05"]
[EventType "swiss"]
[EventRounds "9"]
[EventCountry "ROU"]
[SourceTitle "CBM 216 Extra"]
[Source "ChessBase"]
[SourceDate "2023.11.30"]
[SourceVersion "1"]
[SourceVersionDate "2023.11.30"]
[SourceQuality "1"]

1. d4 Nf6 2. c4 e6 3. Nf3 d5 4. Nc3 Nbd7 5. Bf4 Bb4 6. cxd5 Nxd5 7. Bd2 N5f6 8. Qc2 0-0 9. e4 e5 10. dxe5 Ng4 11. Bf4 Qe8 12. a3 Ba5 13. Be2 c6 14. e6 fxe6 15. Bd6 Bb6 16. 0-0 Rf6 17. e5 Rf4 18. g3 Rf5 19. Qe4 Qh5 20. h4 Qg6 21. Kg2 h5 22. Bd3 Qf7 23. Rae1 Nc5 24. Bxc5 Bxc5 25. Na4 Bf8 26. Rh1 b5 27. Nc3 Bb7 28. Qe2 c5 29. Bxf5 Qxf5 30. Ne4 Rd8 31. Nfg5 c4 32. Qf3 Rd3 33. Qf4 Nxe5 34. Re3 Rd2 35. Nf3 Nxf3 36. Qxf3 Bc5 37. Rhe1 Bxe4 0-1

[Event "Arad op 16th"]
[Site "Arad"]
[Date "2023.08.11"]
[Round "7"]
[White "Bazakutsa, Svyatoslav"]
[Black "Creanga, Robert Ionut"]
[Result "1-0"]
[WhiteElo "2382"]
[BlackElo "2182"]
[PlyCount "70"]
[EventDate "2023.08.07"]
[EventType "swiss"]
[EventRounds "9"]
[EventCountry "ROU"]
[SourceTitle "EXT 2024"]
[Source "ChessBase"]
[SourceDate "2023.10.10"]
[SourceVersion "1"]
[SourceVersionDate "2023.10.10"]
[SourceQuality "1"]

1. c4 e5 2. g3 Nf6 3. Bg2 c6 4. Nf3 e4 5. Nd4 Qb6 6. Nb3 a5 7. d3 a4 8. N3d2 Bc5 9. 0-0 e3 10. fxe3 Bxe3+ 11. Kh1 Ng4 12. Ne4 0-0 13. Nbc3 d5 14. cxd5 Bxc1 15. Qxc1 Ne3 16. dxc6 Nxc6 17. Rf4 Nxg2 18. Kxg2 Qd8 19. Nb5 f5 20. Ned6 Rf6 21. Qc5 Qe7 22. e4 fxe4 23. Rxe4 Be6 24. Rae1 Raf8 25. Rxe6 Rxe6 26. Qc4 Rff6 27. Nc7 Qxd6 28. Nxe6 b5 29. Qe4 h6 30. Nf4 g5 31. Nd5 Rf7 32. Re2 Kg7 33. Ne3 Nd4 34. Rf2 Re7 35. Qxd4+ Qf6 1-0

[Event "EU-chT U18"]
[Site "Iasi"]
[Date "2023.07.29"]
[Round "6.4"]
[White "Olenik Campa, Rudi"]
[Black "Creanga, Robert Ionut"]
[Result "1/2-1/2"]
[WhiteElo "2327"]
[BlackElo "2182"]
[PlyCount "75"]
[EventDate "2023.07.24"]
[EventType "team-swiss"]
[EventRounds "7"]
[EventCountry "ROU"]
[SourceTitle "CBM 215 Extra"]
[Source "ChessBase"]
[SourceDate "2023.09.30"]
[SourceVersion "1"]
[SourceVersionDate "2023.09.30"]
[SourceQuality "1"]
[WhiteTeam "Slovenia U18"]
[BlackTeam "Romania Friends U18"]
[WhiteTeamCountry "SLO"]
[BlackTeamCountry "ROU"]

1. e4 c6 2. Nc3 d5 3. Nf3 Bg4 4. h3 Bxf3 5. Qxf3 e6 6. Be2 Bc5 7. Qg3 Bd4 8. d3 Nd7 9. Be3 Be5 10. f4 Bf6 11. Qf2 Bxc3+ 12. bxc3 Ne7 13. 0-0 f5 14. Bd4 0-0 15. exd5 cxd5 16. Qe3 Kf7 17. c4 dxc4 18. dxc4 Nc6 19. c3 b6 20. Rad1 Qe7 21. Rfe1 Rac8 22. Qg3 Nf6 23. Bxf6 Qxf6 24. c5 Nd8 25. cxb6 axb6 26. c4 Qe7 27. Qe3 Qc5 28. Qxc5 bxc5 29. Rd7+ Kf6 30. g4 fxg4 31. hxg4 h6 32. Rf1 Nc6 33. Bd3 Nd4 34. g5+ hxg5 35. fxg5+ Kxg5 36. Rxg7+ Kh6 37. Rh7+ Kg5 38. Rg7+ 1/2-1/2

[Event "EU-chT U18"]
[Site "Iasi"]
[Date "2023.07.25"]
[Round "2.4"]
[White "Sahin, Burak Doga"]
[Black "Creanga, Robert Ionut"]
[Result "0-1"]
[WhiteElo "1599"]
[BlackElo "2182"]
[PlyCount "76"]
[EventDate "2023.07.24"]
[EventType "team-swiss"]
[EventRounds "7"]
[EventCountry "ROU"]
[SourceTitle "CBM 215 Extra"]
[Source "ChessBase"]
[SourceDate "2023.09.30"]
[SourceVersion "1"]
[SourceVersionDate "2023.09.30"]
[SourceQuality "1"]
[WhiteTeam "Turkey U18"]
[BlackTeam "Romania Friends U18"]
[WhiteTeamCountry "TUR"]
[BlackTeamCountry "ROU"]

1. e4 c5 2. Nc3 Nc6 3. Bb5 Nd4 4. Nf3 e6 5. 0-0 a6 6. Bd3 Nc6 7. b3 g6 8. Bb2 Bg7 9. Na4 Bxb2 10. Nxb2 d6 11. c3 Nge7 12. Bc2 e5 13. d4 cxd4 14. cxd4 Bg4 15. dxe5 Nxe5 16. Nc4 Nxc4 17. bxc4 0-0 18. h3 Be6 19. Bb3 Rc8 20. Rc1 Rc5 21. Nd4 Nc6 22. Nxc6 Rxc6 23. Qd4 Qc7 24. f4 b5 25. f5 Bxc4 26. Bxc4 Rxc4 27. Rxc4 bxc4 28. f6 Rc8 29. Qd2 Qd8 30. Rf3 h5 31. g4 Rc5 32. Qd4 Qb6 33. Rc3 Kh7 34. a3 Qb1+ 35. Kg2 Rb5 36. gxh5 Rb2+ 37. Kg3 Qe1+ 38. Kf4 Qh4+ 0-1

[Event "EU-chT U18"]
[Site "Iasi"]
[Date "2023.07.24"]
[Round "1.4"]
[White "Creanga, Robert Ionut"]
[Black "Von Mettenheim, Johannes"]
[Result "0-1"]
[WhiteElo "2182"]
[BlackElo "2327"]
[PlyCount "66"]
[EventDate "2023.07.24"]
[EventType "team-swiss"]
[EventRounds "7"]
[EventCountry "ROU"]
[SourceTitle "CBM 215 Extra"]
[Source "ChessBase"]
[SourceDate "2023.09.30"]
[SourceVersion "1"]
[SourceVersionDate "2023.09.30"]
[SourceQuality "1"]
[WhiteTeam "Romania Friends U18"]
[BlackTeam "Germany U18"]
[WhiteTeamCountry "ROU"]
[BlackTeamCountry "GER"]

1. e4 c6 2. Nc3 d5 3. Nf3 dxe4 4. Nxe4 Nd7 5. Bc4 Ngf6 6. Neg5 Nd5 7. d4 h6 8. Ne4 N7b6 9. Be2 Bf5 10. Ng3 Bh7 11. a3 Qc7 12. Ne5 Nd7 13. c4 N5f6 14. Bf4 g5 15. Nxd7 Qxf4 16. Nxf6+ Qxf6 17. Qb3 0-0-0 18. d5 Bg7 19. 0-0 Qxb2 20. Qa4 cxd5 21. Qxa7 dxc4 22. Rac1 c3 23. Qc5+ Kb8 24. Qxe7 c2 25. Qxf7 Rhf8 26. Qe7 Bd4 27. Kh1 Bg6 28. Bh5 Bd3 29. Be2 Rfe8 30. Qxe8 Rxe8 31. Bxd3 Rc8 32. Kg1 Qb3 33. Bf5 Rc5 0-1

[Event "ROM-ch"]
[Site "Sebes"]
[Date "2023.02.21"]
[Round "4"]
[White "Creanga, Robert Ionut"]
[Black "Nevednichy, Vladislav"]
[Result "1/2-1/2"]
[WhiteElo "2190"]
[BlackElo "2477"]
[PlyCount "22"]
[EventDate "2023.02.19"]
[EventType "swiss"]
[EventRounds "9"]
[EventCountry "ROU"]
[SourceTitle "CBM 212 Extra"]
[Source "ChessBase"]
[SourceDate "2023.03.31"]
[SourceVersion "1"]
[SourceVersionDate "2023.03.31"]
[SourceQuality "1"]

1. d4 Nf6 2. c4 g6 3. Nc3 Bg7 4. e4 d6 5. Nf3 Bg4 6. Be2 Bxf3 7. Bxf3 e5 8. Be3 Nbd7 9. Qd2 exd4 10. Bxd4 0-0 11. 0-0 Re8 1/2-1/2

[Event "ROM-chT Blitz"]
[Site "Sebes"]
[Date "2022.12.04"]
[Round "2.18"]
[White "Arion, Ilie"]
[Black "Creanga, Robert Ionut"]
[Result "1-0"]
[WhiteElo "1924"]
[BlackElo "2190"]
[PlyCount "88"]
[EventDate "2022.12.04"]
[EventType "team-swiss (blitz)"]
[EventRounds "8"]
[EventCountry "ROU"]
[SourceTitle "CBM 211 Extra"]
[Source "ChessBase"]
[SourceDate "2023.01.31"]
[SourceVersion "1"]
[SourceVersionDate "2023.01.31"]
[SourceQuality "1"]
[WhiteTeam "Cugir CSO"]
[BlackTeam "Bucharest CSU II"]
[WhiteTeamCountry "ROU"]
[BlackTeamCountry "ROU"]

1. g3 c5 2. Bg2 Nc6 3. d3 d5 4. Nf3 e5 5. 0-0 Bd6 6. e4 d4 7. Nbd2 Nge7 8. Nc4 Bc7 9. a4 0-0 10. Ne1 Be6 11. b3 a6 12. f4 b5 13. Nd2 f6 14. f5 Bf7 15. g4 Ba5 16. Nef3 Bc3 17. Rb1 g5 18. fxg6 Nxg6 19. Bb2 Nf4 20. Rf2 Be6 21. h3 Kh8 22. Bxc3 dxc3 23. Nf1 Nd4 24. Ng3 Rg8 25. Nh4 Rb8 26. axb5 axb5 27. Qe1 b4 28. Nhf5 Ra8 29. Ra1 Rxa1 30. Qxa1 Qa8 31. Qb1 Qa3 32. Nxd4 cxd4 33. Ne2 Nxe2+ 34. Rxe2 Ra8 35. Qf1 Kg7 36. Rf2 Qb2 37. Kh2 Ra1 38. Qe2 h6 39. Qf3 f5 40. gxf5 Bxb3 41. cxb3 Qxb3 42. Qg4+ Kf8 43. f6 Ra2 44. Qg7+ Ke8 1-0

[Event "ROM-chT Blitz"]
[Site "Sebes"]
[Date "2022.12.04"]
[Round "5.10"]
[White "Creanga, Robert Ionut"]
[Black "Daianu, Cristian Clement"]
[Result "1-0"]
[WhiteElo "2190"]
[BlackElo "2189"]
[PlyCount "93"]
[EventDate "2022.12.04"]
[EventType "team-swiss (blitz)"]
[EventRounds "8"]
[EventCountry "ROU"]
[SourceTitle "CBM 211 Extra"]
[Source "ChessBase"]
[SourceDate "2023.01.31"]
[SourceVersion "1"]
[SourceVersionDate "2023.01.31"]
[SourceQuality "1"]
[WhiteTeam "Bucharest CSU II"]
[BlackTeam "Otopeni"]
[WhiteTeamCountry "ROU"]
[BlackTeamCountry "ROU"]

1. d4 Nf6 2. c4 g6 3. Nc3 d5 4. cxd5 Nxd5 5. e4 Nxc3 6. bxc3 Bg7 7. Bc4 c5 8. Ne2 0-0 9. 0-0 Nc6 10. dxc5 Qa5 11. Be3 Ne5 12. Bb3 Rd8 13. Qc2 Bd7 14. Rfd1 Bc6 15. f3 Nd7 16. Bd5 Nxc5 17. Bxc6 bxc6 18. Nd4 Qa6 19. Rab1 Rd7 20. Nb3 Rxd1+ 21. Rxd1 Ne6 22. c4 Rc8 23. Rd7 Qa3 24. Rxa7 Qb4 25. Rd7 Bf6 26. Rd1 Ra8 27. g3 Qa3 28. Rd2 c5 29. Kg2 Kg7 30. f4 Bd4 31. Bxd4+ cxd4 32. Nxd4 Nxd4 33. Rxd4 Rb8 34. Rd2 Qc5 35. Qc3+ f6 36. Re2 Rb4 37. e5 Rxc4 38. exf6+ exf6 39. Qf3 Rc3 40. Qb7+ Kh6 41. Qe7 Qd5+ 42. Qe4 Qd1 43. g4 Rc5 44. h4 Rc7 45. g5+ fxg5 46. fxg5+ Kh5 47. Qf3+ 1-0

[Event "ROM-chT Rapid"]
[Site "Sebes"]
[Date "2022.12.03"]
[Round "4.26"]
[White "Creanga, Robert Ionut"]
[Black "Arion, Ilie"]
[Result "1-0"]
[WhiteElo "2190"]
[BlackElo "1924"]
[PlyCount "53"]
[EventDate "2022.12.03"]
[EventType "team-swiss (rapid)"]
[EventRounds "8"]
[EventCountry "ROU"]
[SourceTitle "CBM 211 Extra"]
[Source "ChessBase"]
[SourceDate "2023.01.31"]
[SourceVersion "1"]
[SourceVersionDate "2023.01.31"]
[SourceQuality "1"]
[WhiteTeam "Bucharest CSU II"]
[BlackTeam "Cugir CSO"]
[WhiteTeamCountry "ROU"]
[BlackTeamCountry "ROU"]

1. d4 Nf6 2. c4 c5 3. d5 b5 4. cxb5 a6 5. bxa6 g6 6. Nc3 Bg7 7. e4 0-0 8. e5 Ne8 9. h4 Bxe5 10. Bh6 Bg7 11. Qd2 Nf6 12. Bxg7 Kxg7 13. h5 d6 14. f3 Nbd7 15. hxg6 fxg6 16. Nh3 Ne5 17. Ng5 Bf5 18. 0-0-0 Rh8 19. f4 Nf7 20. Bd3 Bc8 21. Ne6+ Bxe6 22. dxe6 Nh6 23. f5 Nhg4 24. Rdf1 d5 25. fxg6 hxg6 26. Qg5 Rxh1 27. Qxg6+ 1-0

[Event "Sebes Romanian Rapid op"]
[Site "Sebes"]
[Date "2022.12.02"]
[Round "5"]
[White "Anton, Teodor"]
[Black "Creanga, Robert Ionut"]
[Result "0-1"]
[WhiteElo "2438"]
[BlackElo "2190"]
[PlyCount "150"]
[EventDate "2022.12.02"]
[EventType "swiss (rapid)"]
[EventRounds "8"]
[EventCountry "ROU"]
[SourceTitle "CBM 211 Extra"]
[Source "ChessBase"]
[SourceDate "2023.01.31"]
[SourceVersion "1"]
[SourceVersionDate "2023.01.31"]
[SourceQuality "1"]

1. Nf3 Nf6 2. c4 e6 3. g3 d5 4. Bg2 dxc4 5. Qa4+ Nbd7 6. 0-0 a6 7. Qxc4 b5 8. Qc2 Bb7 9. a4 Bd6 10. d3 0-0 11. Nc3 b4 12. Nd1 a5 13. e4 Ne5 14. Ne1 Nc6 15. Be3 Be5 16. Nf3 Ng4 17. Bc5 Bd6 18. d4 Bxc5 19. Qxc5 Nf6 20. Re1 Nd7 21. Qc2 Nb6 22. Ne3 Nb8 23. Rac1 Na6 24. Red1 Rc8 25. Ne5 Qe8 26. b3 c5 27. N3c4 cxd4 28. Rxd4 f6 29. Rd6 Nxa4 30. Nd7 Rf7 31. Nxf6+ gxf6 32. bxa4 Rfc7 33. Bf1 Nc5 34. Nb6 Nxe4 35. Nxc8 Rxc2 36. Rxc2 Nxd6 37. Nxd6 Qd7 38. Nxb7 Qxb7 39. Bc4 Kf7 40. Re2 Qc6 41. Bb3 Ke7 42. Re3 e5 43. h4 h6 44. Kf1 Qc1+ 45. Ke2 Qb2+ 46. Ke1 f5 47. Rd3 f4 48. gxf4 exf4 49. Kf1 Kf6 50. Kg2 Ke5 51. Kf3 Qb1 52. Ke2 Qh1 53. h5 Qxh5+ 54. Kf1 Qh1+ 55. Ke2 Qe4+ 56. Kd2 h5 57. Rh3 Qf5 58. Rd3 Qe4 59. Rh3 Qd4+ 60. Ke2 Qb2+ 61. Kf1 Ke4 62. Kg2 Qe2 63. Bf7 Qg4+ 64. Kh2 Kd4 65. Bxh5 Qg7 66. Bd1 Qe5 67. Bb3 f3+ 68. Rg3 Ke4 69. Bd1 Qf4 70. Kh3 Qh6+ 71. Kg4 Qf4+ 72. Kh3 Qf5+ 73. Kh4 Qf7 74. Kg4 b3 75. Rxf3 Qd7+ 0-1